Cuánto dura un temporal : antología /
Guardado en:
| Otros Autores: | , , , , , |
|---|---|
| Formato: | Libro |
| Publicado: |
Bahía Blanca :
Hemisferio derecho : Elijo leer,
2024.
|
| Materias: | |
| Etiquetas: |
Agregar Etiqueta
Sin Etiquetas, Sea el primero en etiquetar este registro!
|
| LEADER | 01410nam a22002655a 4500 | ||
|---|---|---|---|
| 001 | EHU.bham052574 | ||
| 008 | 250529s2024####ag############000#0#####d | ||
| 005 | 20250529092538.0 | ||
| 245 | 1 | 0 | |a Cuánto dura un temporal : |b antología / |c Carolina Amorosi ... [et al.] ; comp. de Julia Zamora ; fotografías de Horacio Culaciatti ; pról. de Sonia Budassi ; epílogo de Luis Sagasti ; comentario en contratapa de Alicia Partnoy ; ed. por Elijo leer. |
| 260 | |a Bahía Blanca : |b Hemisferio derecho : |b Elijo leer, |c 2024. | ||
| 300 | |a 114 p. | ||
| 500 | |a "El sábado 16 de diciembre de 2023 un temporal azotó la ciudad de Bahía Blanca en medio de los festejos de fin de año, exposiciones artísticas, partidos en clubes y funciones de circo. Las consecuencias fueron el miedo, la incertidumbre, la incomunicación, muertes, pérdidas y una desoladora metamorfosis en el paisaje urbano". de nota editorial de Elijo creer. | ||
| 020 | |a 9786316607058 | ||
| 700 | 1 | |a Amorosi, Carolina. | |
| 700 | 1 | |a Zamora, Julia, comp. | |
| 700 | 1 | |a Culaciatti, Horacio, fotogr. | |
| 700 | 1 | |a Budassi, Sonia, pról. | |
| 700 | 1 | |a Sagasti, Luis, epíl. | |
| 700 | 1 | |a Partnoy, Alicia, coment. | |
| 082 | 9 | 8 | |a A868.5 C961 |
| 653 | |a Literatura argentina-antología | ||
| 653 | |a Poesía bahiense | ||
| 653 | |a Miscelánea argentina | ||
| 653 | |a Literatura bahiense | ||
| 859 | |a AR-BHAM |b BIB. HUMANIDADES - General |h A868.5 |i C961 |p 23.25 |t 1 | ||
